Plotino

Saved in:
Bibliographic Details
Main Author: Mehlis, Jorge (autor)
Format: Book
Language:Spanish
Published: Madrid Revista de Occidente 1931
Series:<Los >Filósofos, 6
Subjects:
Tags: Add Tag
No Tags, Be the first to tag this record!

MARC

LEADER 00000nam a2200000 a 4500
001 UCZ6340
003 CL-VaPUC
008 951211e19310000SP |||||||||||||||||spa|d
082 0 4 |a 186.4  |b MEH  |2 21 
100 |a Mehlis, Jorge  |e autor  |9 350591 
245 1 0 |a Plotino 
300 |a 211 p 
942 |c BK 
945 |d 19951211 00:00:00  |a rleighto 
260 |a Madrid  |b Revista de Occidente  |c 1931 
600 0 7 |a PLOTINO  |2 CL-VaPUC  |9 266516 
650 0 |a Filosofía   |9 223554 
650 0 |a Filosofía griega  |9 265579 
650 0 |a Filósofos griegos  |9 267553 
583 |a last modification  |c 19951211 00:00:00  |k Rodrigo Vera 
490 0 |a <Los >Filósofos, 6 
999 |c 242551  |d 242549 
952 |0 0  |1 0  |4 0  |6 186_400000000000000_MEH_1931  |7 0  |8 P  |9 255584  |a BIBEDU  |b BIBEDU  |d 2019-11-19  |i 3159450  |o 186.4 MEH 1931  |p 3159450  |r 2024-01-25  |w 2019-11-19  |y BK  |k FIL